[Event "AUTO-OPEN-983"]
[Site "http://www.queenalice.com/game.php?id=342177"]
[Date "2008.1.24"]
[Round "1"]
[White "ShahMaster"]
[Black "inmocor1"]
[Result "1/2-1/2"]
[WhiteElo "1463"]
[BlackElo "1574"]

1. Nf3 f6 2. e4 e5 3. Bc4 Bd6 4. Bxg8 Rxg8 5. d4 Qe7 6. d5 Kf7 7. Nc3 c6 8. O-O
Rd8 9. Nh4 Qf8 10. Qh5+ Kg8 11. a3 Bc7 12. Be3 d6 13. Rad1 Bd7 14. b4 Be8 15.
Qg4 Kh8 16. a4 Qf7 17. Rd3 Bd7 18. Qg3 Na6 19. Na2 cxd5 20. exd5 Bxa4 21. c4 f5
22. Bc1 f4 23. Qg4 Bd7 24. Qd1 Rdc8 25. Qe2 Bd8 26. Nf3 Rxc4 27. Rc3 Rc7 28. Ba3
Qxd5 29. Rd1 Qe6 30. Qd3 Qxa2 31. Qxd6 Rxc3 32. Qxd7 Bf6 33. Qxb7 Rd8 34. Re1
Rxa3 35. h3 h6 36. Qe4 Qd5 37. Qf5 Nxb4 38. Nxe5 Nd3 39. Ng6+ Kg8 40. Re8+ Kf7
41. Re7+ Kg8 42. Re8+ Kf7 43. Re7+ 1/2-1/2

[Event "AUTO-OPEN-983"]
[Site "http://www.queenalice.com/game.php?id=342178"]
[Date "2008.1.24"]
[Round "1"]
[White "inmocor1"]
[Black "ShahMaster"]
[Result "0-1"]
[WhiteElo "1567"]
[BlackElo "1495"]

1. d4 d5 2. Nf3 Nf6 3. e3 Bg4 4. Be2 Bxf3 5. Bxf3 e6 6. O-O Bd6 7. Nc3 a6 8. g3
O-O 9. e4 Nxe4 10. Nxe4 dxe4 11. Bxe4 c6 12. c3 Nd7 13. f3 Nf6 14. Bd3 Qb6 15.
Kg2 c5 16. c4 Rad8 17. Qb3 Qxb3 18. axb3 cxd4 19. Re1 Ra8 20. Ra4 e5 21. g4 Rae8
22. g5 Nh5 23. Be4 Rb8 24. Kh3 g6 25. Ra5 Bb4 26. Rxe5 Bxe1 27. Kg4 Rbd8 28.
Bxb7 a5 29. Rxe1 d3 30. Bd5 Rfe8 31. Rd1 Re2 32. Rxd3 Kg7 33. f4 Rde8 34. Bd2
Rxh2 35. Bc3+ Kf8 36. Bxa5 f5+ 37. Kf3 Rh3+ 38. Kf2 Rxd3 39. Bb4+ Re7 40. Bxe7+
Kxe7 41. Bg8 Nxf4 42. Bxh7 Kf8 43. b4 Kg7 44. Bxg6 Kxg6 45. b5 Ne6 46. Ke2 Rb3
47. Kd2 Nc5 48. Kc2 f4 0-1

[Event "AUTO-OPEN-983"]
[Site "http://www.queenalice.com/game.php?id=342187"]
[Date "2008.1.24"]
[Round "1"]
[White "Soccerrulz_6"]
[Black "inmocor1"]
[Result "0-1"]
[WhiteElo "1165"]
[BlackElo "1492"]

1. e3 e5 2. Qf3 Nh6 3. Bc4 d6 4. Nh3 c6 5. Ng5 Qxg5 6. g3 Qg4 7. Qxg4 Bxg4 8. h3
Bf5 9. d3 d5 10. Bb3 e4 11. O-O Bxh3 12. Rd1 Be7 13. Kh2 Bg4 14. Rf1 Bf3 0-1

[Event "AUTO-OPEN-983"]
[Site "http://www.queenalice.com/game.php?id=342188"]
[Date "2008.1.24"]
[Round "1"]
[White "inmocor1"]
[Black "Soccerrulz_6"]
[Result "1-0"]
[WhiteElo "1474"]
[BlackElo "1176"]

1. d4 e6 2. e3 Qf6 3. Nf3 Bb4+ 4. c3 Bd6 5. Be2 Nh6 6. g3 O-O 7. O-O g6 8. e4 b6
9. e5 Qg7 10. exd6 cxd6 11. Bf4 Nc6 12. Bxd6 Re8 13. Qd2 Rb8 14. Bxb8 Nxb8 15.
Qf4 e5 16. dxe5 1-0

[Event "Challenge"]
[Site "http://www.queenalice.com/game.php?id=353181"]
[Date "2008.2.12"]
[Round "-"]
[White "a13tc38920"]
[Black "inmocor1"]
[Result "0-1"]
[WhiteElo "1614"]
[BlackElo "1472"]

1. d4 Nf6 2. c4 e6 3. Nc3 Bb4 4. Qc2 O-O 5. Bd2 c5 6. e3 d5 7. cxd5 cxd4 8. exd4
Nxd5 9. Nxd5 Bxd2+ 10. Qxd2 Qxd5 11. Nf3 Nc6 12. Rc1 Qxa2 13. Bc4 Qa5 14. Qxa5
Nxa5 15. Ba2 Bd7 16. O-O a6 17. Rc7 Bb5 18. Rfc1 b6 19. b4 Nc6 20. d5 Nxb4 21.
Bb3 exd5 22. Nd4 Rfe8 23. Nxb5 axb5 24. g3 g6 25. Rd7 Rad8 26. Rcc7 Re1+ 27. Kg2
Rxd7 28. Rxd7 Kf8 29. Bxd5 Ke8 0-1

[Event "AUTO-INT-834"]
[Site "http://www.queenalice.com/game.php?id=371867"]
[Date "2008.3.16"]
[Round "1"]
[White "Chazam"]
[Black "inmocor1"]
[Result "0-1"]
[WhiteElo "1581"]
[BlackElo "1533"]

1. e4 e5 2. Nf3 Nf6 3. Nc3 Nc6 4. d3 Bb4 5. Bd2 Bxc3 6. Bxc3 Qe7 7. Be2 O-O 8.
O-O d5 9. exd5 Nxd5 10. Qe1 Rd8 11. Bd1 f6 12. a3 Bf5 13. Nh4 Be6 14. Bf3 Qd7
15. Bd2 g5 16. Bxd5 Bxd5 17. Nf3 Bxf3 18. gxf3 Nd4 19. Qd1 Qh3 20. c3 Nxf3+ 21.
Qxf3 Qxf3 22. Rae1 Rxd3 23. Be3 b6 24. c4 Qg4+ 25. Kh1 Qxc4 26. Rc1 Qb5 27. Rc2
Rxe3 28. fxe3 Qxf1# 0-1

[Event "AUTO-INT-834"]
[Site "http://www.queenalice.com/game.php?id=371868"]
[Date "2008.3.16"]
[Round "1"]
[White "inmocor1"]
[Black "Chazam"]
[Result "1-0"]
[WhiteElo "1514"]
[BlackElo "1600"]

1. e4 e5 2. Nf3 Nc6 3. Bb5 Bd6 4. Bxc6 dxc6 5. O-O b6 6. d4 exd4 7. Qxd4 f6 8.
Rd1 c5 9. Qd5 Rb8 10. Bf4 Ne7 11. Qd3 Be6 12. Bxd6 cxd6 13. Qxd6 Qc8 14. Nc3 O-O
15. Qxe7 Re8 16. Qxa7 Re7 17. Qxe7 h6 18. Na4 Kh7 19. Rd6 Bg8 20. Rxf6 Rb7 21.
Rxh6+ Kxh6 22. Qg5+ Kh7 23. Qh5# 1-0

[Event "AUTO-INT-834"]
[Site "http://www.queenalice.com/game.php?id=371881"]
[Date "2008.3.16"]
[Round "1"]
[White "Nascimento"]
[Black "inmocor1"]
[Result "0-1"]
[WhiteElo "1442"]
[BlackElo "1562"]

1. g4 d5 2. Bh3 Nc6 3. d4 Nf6 4. Bg5 Bxg4 5. f3 Bxh3 6. Nxh3 Qd7 7. Bxf6 Qxh3 8.
Be5 Qg2 9. Rf1 Nxe5 10. dxe5 e6 11. Nc3 Bb4 12. a3 Bxc3+ 13. bxc3 Qxh2 14. Qd4
O-O 15. O-O-O Qxe2 16. Qd3 Qxe5 17. Rh1 Qf4+ 18. Kb2 f5 19. Rdg1 Rf6 20. Rh3 Rg6
21. Qf1 Rxg1 22. Qxg1 c6 23. Rg3 Qc7 24. Qe1 Re8 25. Qg1 Qb6+ 26. Kc1 Qxg1+ 27.
Rxg1 Kf7 28. f4 h5 29. Rg5 Rh8 30. a4 h4 0-1

[Event "AUTO-INT-834"]
[Site "http://www.queenalice.com/game.php?id=371882"]
[Date "2008.3.16"]
[Round "1"]
[White "inmocor1"]
[Black "Nascimento"]
[Result "1-0"]
[WhiteElo "1551"]
[BlackElo "1414"]

1. e4 e5 2. Nf3 Nc6 3. Bc4 Nh6 4. O-O Ng4 5. h3 Nd4 6. Nxd4 exd4 7. hxg4 d6 8.
Qf3 Qf6 9. c3 Qxf3 10. gxf3 dxc3 11. Nxc3 Be6 12. Bxe6 fxe6 13. d4 O-O-O 14. Bg5
h6 15. Bxd8 Kxd8 16. Rac1 c5 17. dxc5 dxc5 18. Nb5 b6 19. Rfd1+ Ke7 20. Nxa7 Kf6
21. Nc8 1-0

[Event "AUTO-INT-834"]
[Site "http://www.queenalice.com/game.php?id=371891"]
[Date "2008.3.16"]
[Round "1"]
[White "inmocor1"]
[Black "ricardosf"]
[Result "1-0"]
[WhiteElo "1612"]
[BlackElo "1326"]

1. e4 d5 2. exd5 h5 3. Nc3 Bg4 4. Nf3 g6 5. h3 Bxf3 6. Qxf3 e6 7. dxe6 fxe6 8.
Qxb7 Nd7 9. Nb5 Rb8 10. Qxc7 Rxb5 11. Qxd8+ Kxd8 12. Bxb5 Ngf6 13. O-O Ne4 14.
Re1 Nxf2 15. Kxf2 Bc5+ 16. Ke2 Ne5 17. d4 Bxd4 18. Rd1 Ke7 19. Bg5+ Kd6 20.
Rxd4+ Kc5 21. Re4 Nf7 22. Bd3 Nxg5 23. Re5+ Kd6 24. Rxg5 Re8 25. Bxg6 Rg8 26. h4
Ke7 27. Bxh5 Rxg5 28. hxg5 1-0

[Event "AUTO-INT-834"]
[Site "http://www.queenalice.com/game.php?id=371892"]
[Date "2008.3.16"]
[Round "1"]
[White "ricardosf"]
[Black "inmocor1"]
[Result "0-1"]
[WhiteElo "1339"]
[BlackElo "1645"]

1. e3 Nf6 2. Bc4 Nc6 3. b3 d5 4. Bb5 e5 5. Bxc6+ bxc6 6. Ba3 Bxa3 7. Nxa3 O-O 8.
d4 Qe7 9. Nf3 exd4 10. Qxd4 Qxa3 11. Ng5 Qa5+ 12. b4 Qa4 13. O-O Qxc2 14. Rac1
Qf5 15. f4 Ba6 16. Rfe1 Bb5 17. e4 Qxf4 18. Nxh7 Kxh7 19. Qf2 Qxf2+ 20. Kxf2
Nxe4+ 21. Kg1 a5 22. a4 Bxa4 23. bxa5 Rxa5 24. Re3 c5 25. Rh3+ Kg6 26. Rf3 c4
27. h4 c3 28. h5+ Kxh5 29. Rf5+ Kg6 30. Rcf1 Nd2 31. R1f2 c2 32. R5f4 c1=Q+ 33.
Kh2 Rh8+ 34. Kg3 Ne4+ 35. Kf3 Qc3+ 36. Ke2 Ng3# 0-1

[Event "Challenge"]
[Site "http://www.queenalice.com/game.php?id=377386"]
[Date "2008.3.26"]
[Round "-"]
[White "inmocor1"]
[Black "a13tc38920"]
[Result "1-0"]
[WhiteElo "1573"]
[BlackElo "1561"]

1. c4 b6 2. Nc3 e6 3. Nf3 Nf6 4. d4 Bb7 5. e3 Bb4 6. Bd3 d5 7. Qa4+ Nc6 8. Ne5
Bxc3+ 9. bxc3 Qd6 10. Ba3 Qd8 11. Bc2 Ne4 12. Nxc6 Qf6 13. Bxe4 dxe4 14. Na5+
1-0

[Event "¿Amistosa?"]
[Site "http://www.queenalice.com/game.php?id=394828"]
[Date "2008.4.28"]
[Round "-"]
[White "inmocor1"]
[Black "a13tc38920"]
[Result "1-0"]
[WhiteElo "1617"]
[BlackElo "1624"]

1. d4 c6 2. Nc3 d5 3. e3 Nf6 4. Nf3 Bg4 5. Be2 e6 6. Ne5 Bxe2 7. Qxe2 Bd6 8. f4
Nbd7 9. O-O O-O 10. Rf3 c5 11. Rg3 Ne4 12. Nxe4 dxe4 13. Qg4 Bxe5 14. fxe5 g6
15. Qxe4 f5 16. Qxb7 cxd4 17. exd4 Rf7 18. Bg5 Qb6 19. Qxa8+ 1-0

[Event "AUTO-INT-834"]
[Site "http://www.queenalice.com/game.php?id=422021"]
[Date "2008.6.23"]
[Round "2"]
[White "mvson33"]
[Black "inmocor1"]
[Result "1-0"]
[WhiteElo "1831"]
[BlackElo "1640"]

1. e4 c5 2. d4 cxd4 3. Nf3 e6 4. Nxd4 Nc6 5. a3 Qa5+ 6. Nc3 Nxd4 7. Qxd4 Nf6 8.
Bd2 Bc5 9. Qd3 Qb6 10. Qb5 Bxf2+ 11. Kd1 Bd4 12. Qxb6 axb6 13. Bd3 O-O 14. Ke2
d5 15. exd5 Nxd5 16. Nxd5 1-0

[Event "AUTO-INT-834"]
[Site "http://www.queenalice.com/game.php?id=422022"]
[Date "2008.6.23"]
[Round "2"]
[White "inmocor1"]
[Black "mvson33"]
[Result "0-1"]
[WhiteElo "1649"]
[BlackElo "1822"]

1. e4 e5 2. Nf3 Nc6 3. Bb5 a6 4. Ba4 Nf6 5. O-O Be7 6. Bxc6 dxc6 7. d3 O-O 8.
Nxe5 Ne8 9. Nc3 Bg5 10. Bxg5 f6 11. Bh4 g5 12. Bxg5 fxg5 13. d4 Nf6 14. f3 Be6
15. Na4 Nd7 0-1

[Event "AUTO-INT-834"]
[Site "http://www.queenalice.com/game.php?id=422025"]
[Date "2008.6.23"]
[Round "2"]
[White "erivaldoadao"]
[Black "inmocor1"]
[Result "1-0"]
[WhiteElo "1598"]
[BlackElo "1632"]

1. e4 e5 2. Nf3 Nc6 3. Bb5 a6 4. Ba4 Nf6 5. d3 b5 6. Bb3 Be7 7. O-O O-O 8. Bg5
d6 9. h3 Be6 10. Bxe6 fxe6 11. c3 Nh5 12. Bxe7 Qxe7 13. Nbd2 Nf4 14. Qc2 1-0

[Event "AUTO-INT-834"]
[Site "http://www.queenalice.com/game.php?id=422026"]
[Date "2008.6.23"]
[Round "2"]
[White "inmocor1"]
[Black "erivaldoadao"]
[Result "0-1"]
[WhiteElo "1615"]
[BlackElo "1615"]

1. Nf3 Nf6 2. c4 e6 3. Nc3 Bc5 4. d4 Bb4 5. d5 O-O 6. Bg5 h6 7. Bxf6 Qxf6 8. Qd4
Qxd4 9. Nxd4 c5 10. Nb5 Na6 11. e4 exd5 12. cxd5 Bxc3+ 13. bxc3 b6 0-1

[Event "AUTO-INT-834"]
[Site "http://www.queenalice.com/game.php?id=422030"]
[Date "2008.6.23"]
[Round "2"]
[White "IuriPasini"]
[Black "inmocor1"]
[Result "1-0"]
[WhiteElo "2149"]
[BlackElo "1599"]

1. e4 e5 2. Nf3 Nc6 3. Bb5 a6 4. Ba4 Nf6 5. O-O Be7 6. Re1 b5 7. Bb3 d6 8. h3
Na5 9. c3 Nxb3 10. axb3 O-O 11. d3 1-0